000 00467pab a2200169 454500
008 180718b2014 xxu||||| |||| 00| 0 eng d
100 _aOlzak, Susan
245 _aPrisoners and paupers: The impact of group threat on incarceration in nineteenth-century U.S. Cities
260 _c2014
300 _ap.392-411.
362 _aJun
650 _aPrisons
700 _aShanahan, Suzanne
773 _aAmerican Sociological Review
908 _aN
909 _a105129
999 _c105124
_d105124